000 01742cam a22004934i 4500
003 PE-LiUPU
005 20250731172749.0
008 150617s r 000 0 d
035 _a(Sirsi) a12401
040 _aPE-LiUPU
_bspa
_cPE-LiUPU
_erda
049 _aPRUA
082 0 4 _aB225.487
_bM43
_221
130 _aBiblia
_pN.T.
_lGriego, Latin
_sVulgata
_f1964.
245 1 0 _aNovum testamentum Graece et latine /
_cApparatu critico instructum edidit Augustinus Merk S.J.
264 1 _aRomae :
_bSumptibus pontificii instituti Biblic,
_c1964.
300 _a873 páginas ;
_c17 cm.
336 _atext
_2rdacontent
337 _aunmediated
_2rdamedia
338 _avolume
_2rdacarrier
490 0 _aScripta Pontificii Instituti Biblici ;
_v65
500 _aApparatu critico instructum edidit Agustinus Merk.
505 0 _aNuevo testamento en Griego y Latín.
526 _aSEG42
526 _aSEG41
526 _aSEG40
526 _aSEG39
526 _aP94
526 _aP87
526 _aP86
526 _aP85
526 _aP77
526 _aP76
526 _aP35
630 _aBiblia
_pN.T.
_lGriego
_f1964.
630 _aBiblia
_pN.T.
_lLatin
_sVulgata
_f1964.
700 1 _aMerk, Augustin,
_d1869-1945,
_eeditor.
910 _ajck
_bjvq
_cjck
_d20150616
942 _2ddc
_cBOOK
949 _a225.487 M43
_wDEWEY
_c1
_i11605
_lCCODEBUL1
_mBUL
_p00.00
_r0
_sY
_tBOOK
_u19920719
_xTEOLOGIA
_PP35
_0COMPRA
_o.STAFF. Colección general
994 _aC0
_bPEPRU
596 _a1
999 _a225.487 M43
_wDEWEY
_c2656
_i11605
_d2656
_e2019-11-4
_f2021-11-9
_g5
_lCCODEBUL1
_mBUL
_n4
_q1
_r0
_sY
_tBOOK
_u2015-6-17
_xTEOLOGIA
_PP35
_0COMPRA
_o.STAFF. Colección general
980 _81
_gALBERTO SANCHEZ Responsable de Automatización